Wszystkie Filmy MCU - Statystyki

Ogólne statystyki
  • Ten quiz został rozwiązany 55 razy
  • Średni wynik to 23 z 33
Statystyki odpowiedzi
Data Film % Poprawnych
2012 Avengers
97%
2008 Iron Man
97%
2015 Avengers: Era Ultrona
92%
2010 Iron Man 2
92%
2013 Iron Man 3
92%
2019 Avengers: Koniec Gry
89%
2011 Thor
89%
2016 Kapitan Ameryka: Wojna Bohaterów
84%
2014 Kapitan Ameryka: Zimowy Żołnierz
81%
2018 Avengers: Wojna Bez Granic
78%
2018 Czarna Pantera
76%
2015 Ant-Man
73%
2021 Czarna Wdowa
73%
2011 Kapitan Ameryka: Pierwsze Starcie
73%
2008 Niesamowity Hulk
73%
2019 Spider-Man: Daleko Od Domu
73%
2013 Thor: Mroczny Świat
73%
2017 Thor: Ragnarok
73%
2018 Ant-Man i Osa
70%
2016 Doktor Strange
68%
2022 Thor: Miłość i Grom
68%
2021 Spider-Man: Bez Drogi Do Domu
65%
2014 Strażnicy Galaktyki
65%
2017 Spider-Man: Homecoming
62%
2019 Kapitan Marvel
59%
2017 Strażnicy Galaktyki 2
59%
2023 Strażnicy Galaktyki 3
54%
2023 The Marvels
54%
2023 Ant-Man I Osa: Kwantomania
51%
2021 Eternals
51%
2022 Doktor Strange w Multiwersum Obłędu
46%
2021 Shang-Chi i Legenda Dziesięciu Pierścieni
41%
2022 Czarna Pantera: Wakanda Forever
35%
Nie znaleziono quizów pasujących do podanych kryteriów
Rozkład punktacji
Procent ludzi z każdym wynikiem
Percentyl według liczby udzielonych odpowiedzi
Twoja historia wyników
Nie rozwiązałeś tego quizu